Minor Seinfeld Characters Quiz Stats

Quiz not verified by Sporcle

Challenge
Share
Tweet
Embed
Score 0/118 Timer 20:00
0 Plays Today
# of Episdoes Character % Correct
More than 20 EpisodesFrank Costanza
93.4%
More than 20 EpisodesNewman
90.1%
More than 20 EpisodesJ. Peterman
90.1%
More than 20 EpisodesMorty Seinfeld
89.9%
5-20 EpisodesGeorge Steinbrenner
87.3%
5-20 EpisodesUncle Leo
84.7%
5-20 EpisodesDavid Puddy
81.4%
More than 20 EpisodesSusan Ross
81.3%
More than 20 EpisodesHelen Seinfeld
80.1%
More than 20 EpisodesEstelle Costanza
79.1%
5-20 EpisodesKenny Bania
75.8%
5-20 EpisodesJackie Chiles
75.8%
5-20 EpisodesTim Whatley
73.6%
5-20 EpisodesMr. Wilhelm
68.1%
5-20 EpisodesJustin Pitt
67.8%
5-20 EpisodesCrazy Joe Davola
65.9%
5-20 EpisodesMickey Abbott
56.4%
5-20 EpisodesRussell Dalrymple
54.6%
5-20 EpisodesMr. Lippman
48.8%
2 to 4 EpisodesBob
44.6%
2 to 4 EpisodesMr. Bookman
43.2%
2 to 4 EpisodesJack Klompus
39.9%
2 to 4 EpisodesPing
39.7%
2 to 4 EpisodesScott Drake
39.3%
2 to 4 EpisodesRusty
39.3%
Imaginary / AliasArt Vandelay
39.3%
AnimalsRusty
39.3%
2 to 4 EpisodesThe Soup Nazi
36.8%
Notable Single EpisodeJoel Rifkin
36.4%
2 to 4 EpisodesFranklin Delano Romanowski
34.1%
2 to 4 EpisodesPoppie
33.4%
5-20 EpisodesRuth
31.8%
Notable Single EpisodeDonna Chang
31.3%
UnseenBob Sacamano
31.2%
2 to 4 EpisodesAlec Berg
31%
AnimalsLittle Jerry Seinfeld
30.8%
2 to 4 EpisodesSue Ellen Mischke
29.7%
AnimalsPrickly Pete
28.3%
UnseenCousin Jeffrey
28.2%
2 to 4 EpisodesBabu Bhatt
28%
# of Episdoes Character % Correct
2 to 4 EpisodesBob Cobb
27.9%
2 to 4 EpisodesJoe Mayo
27.7%
2 to 4 EpisodesDolores
27.6%
2 to 4 EpisodesJake Jarmel
26.4%
Imaginary / AliasH. E. Pennypacker
26.2%
2 to 4 EpisodesLloyd Braun
24.5%
2 to 4 EpisodesSal Bass
23.4%
2 to 4 EpisodesRamon
22.5%
AnimalsSnoopy
21.8%
Notable Single EpisodeMilos
21.7%
2 to 4 EpisodesBarbara 'Babbs' Kramer
21.6%
AnimalsFarfel
21.5%
2 to 4 EpisodesMr. Morgan
20.7%
2 to 4 EpisodesSid
20.3%
Notable Single EpisodeAlton Benes
19.8%
2 to 4 EpisodesIzzy Mandelbaum
19.5%
AnimalsFredo
18.7%
2 to 4 EpisodesMr. Kruger
18.5%
AnimalsSmuckers
18.3%
2 to 4 EpisodesNoreen
18.2%
Notable Single EpisodeStan the Caddy
18%
2 to 4 EpisodesRay/Cedric
17.2%
Imaginary / AliasMartin Van Nostrand
17.2%
Notable Single EpisodeManya
17%
Notable Single EpisodeJean-Paul Jean-Paul
16.7%
Imaginary / AliasDylan Murphy
16.5%
Notable Single EpisodeBrody
15.8%
Imaginary / AliasPaloma
15.1%
2 to 4 EpisodesNana
13.8%
2 to 4 EpisodesSally Weaver
13.8%
5-20 EpisodesLarry
12.8%
UnseenLomez
12.8%
2 to 4 EpisodesMike Moffit
12.6%
Imaginary / AliasColin O'Brien
12.4%
Notable Single EpisodeSteven Snell
12.3%
Imaginary / AliasKel Varnsen
11.9%
2 to 4 EpisodesMabel Choate
10.9%
Notable Single EpisodeNed Isakoff
10.1%
UnseenSuzy
8.8%
2 to 4 EpisodesTia Van Camp
8.6%
# of Episdoes Character % Correct
Notable Single EpisodeTor Eckman
8.5%
2 to 4 EpisodesRachel Goldstein
8.1%
2 to 4 EpisodesEarl Haffler
8.1%
UnseenDr. Bison
7.8%
5-20 EpisodesCarol
7.2%
2 to 4 EpisodesMatthew
7.2%
Notable Single EpisodeMagnus
7.2%
2 to 4 EpisodesMarla Penny
7.1%
Notable Single EpisodeArtie Levine
7.1%
AnimalsBarry
6.7%
Notable Single EpisodeSid Fields
6.7%
2 to 4 EpisodesJoe Temple
6.4%
Imaginary / AliasEduardo Corrochio
6.1%
2 to 4 EpisodesWyke Thayer
6%
2 to 4 EpisodesDonald Sanger
5.9%
UnseenJay Riemenschneider
5.5%
2 to 4 EpisodesLeslie
4.9%
Notable Single EpisodeJohn Germaine
4.2%
Notable Single EpisodeEddie Sherman
4.2%
Notable Single EpisodeJohn Grossbard
4.1%
2 to 4 EpisodesRicky
4%
2 to 4 EpisodesRemy Temple
3.8%
2 to 4 EpisodesRabbi Glickman
3.8%
Notable Single EpisodeGeoffrey Harhaarwood
3.5%
Notable Single EpisodeDr. Cooperman
3.3%
2 to 4 EpisodesTina Robbins
3.2%
UnseenPatty Lawrence
2.9%
UnseenCorky Ramirez
2.7%
Imaginary / AliasWanda Pepper
2.3%
Notable Single EpisodeJoel Horneck
1.8%
2 to 4 EpisodesLinsay Enright
1.3%
UnseenSharon Besser
1.1%
UnseenSpector
1%
2 to 4 EpisodesDr. Siegel
0.9%
UnseenLen Nicademo
0.6%
Notable Single EpisodeKaren Ann Hanson
0.5%
Notable Single EpisodeTobias Al Negri
0.4%
AnimalsRodsy
0.1%

You're not logged in!

Compare scores with friends on all Sporcle quizzes.
Sign Up with Email
OR
Log In

You Might Also Like...

Show Comments

Extras

Top Quizzes Today


Score Distribution

Your Account Isn't Verified!

In order to create a playlist on Sporcle, you need to verify the email address you used during registration. Go to your Sporcle Settings to finish the process.